Statistics for Football Derbys

Click here to take the quiz!

General Stats

  • This quiz has been taken 61 times
    (40 since last reset)
  • The average score is 11 of 16

Answer Stats

Answer% Correct
Barcelona
100%
Real Madrid
100%
Arsenal
94%
Liverpool
94%
Everton
91%
Tottenham Hotspur
78%
Celtic
69%
Rangers
69%
Newcastle United
56%
Aston Villa
53%
Portsmouth
53%
Southampton
50%
Sunderland
50%
Birmingham City
38%
Wolverhampton Wanderers
34%
West Bromwich Albion
31%

Score Distribution

Percentile by Number Answered

Percent of People with Each Score

Your Score History

You have not taken this quiz since the last reset